Music Quiz

Random Music or Song Quiz

'50s Song Title Match-Up Quiz Stats

 Plays Quiz Updated Feb 9, 2018

Challenge
Share
Tweet
Score 0/25 Timer 04:00
13 Plays Today
% Correct
Jailhouse
98.5%
Tutti
98.2%
Blue Suede
98%
Rock Around
97.8%
Great Balls
97.7%
Why Do
97.7%
Yakety
97.4%
All I Have
96.7%
Good Golly
96.5%
Peggy
96.5%
Ain’t
95.9%
My Baby Just
95.6%
Que Sera,
95.3%
% Correct
That'll Be
94.7%
Folsom Prison
94.5%
Wake Up
93%
Stupid
92.1%
Blueberry
91.4%
Roll Over
90.6%
Blue
90.4%
Mack the
89.9%
Chantilly
88%
Twelfth of
86.8%
Reet
84.4%
Running
81.2%

You're not logged in!

Compare scores with friends on all Sporcle quizzes.
OR
Log In

You Might Also Like...

Show Comments

Extras

Top Quizzes Today


Score Distribution

Your Account Isn't Verified!

In order to create a playlist on Sporcle, you need to verify the email address you used during registration. Go to your Sporcle Settings to finish the process.

Report this User

Report this user for behavior that violates our Community Guidelines.

Details: